000 00544nam a2200181Ia 4500
008 100917s9999 xx 000 0 und d
082 _b39758
100 _aमराठे प्र. द.
245 _aमन शुध्द तुझे
260 _bदीपज्योती प्रकाशन
_c1979
300 _a162
365 _b18
520 _aकादंबरी
630 _aमन शुध्द तुझे
650 _aकादंबरी
730 _aमन शुध्द तुझे
942 _cBOOK
999 _c645152
_d645149